| 000 | 01140nam a22001817a 4500 | ||
|---|---|---|---|
| 003 | IT-RoPau | ||
| 005 | 20220918181104.0 | ||
| 008 | 130417b xxu||||| |||| 00| 0 eng d | ||
| 040 | _cIT-RoPau | ||
| 100 |
_aFamiglia Paolina _998 |
||
| 245 |
_aUn anno di particolare santificazione _bLe riflessioni di Don Alberione dal San Paolo Generalizia del 1963 - 3 |
||
| 250 | _a1° ed | ||
| 260 |
_aRoma _bSSP Provincia Italia _c2003 |
||
| 300 |
_a47 pp. _c21 cm |
||
| 490 |
_aSan Paolo _vn° 4 - Dicembre 2003 |
||
| 520 | _aIndice Saluto del Superiore Provinciale Un anno di particolare santificazione - 3 Atti del Governo Provinciale 1. Consigli provinciali: date, temi, decisioni 2. Documenti ufficiali 3. Trasferimenti di sede e incarichi da settembre 2003 4. Verbali dei Consigli locali delle Comunità Assemblea Circoscrizionale Ariccia 22-23 novembre 2003 1. Saluto introduttorio del Superiore provinciale 2. Verifica da effettuarsi dai Governi locali 3. Presenza e animazione nella Chiesa locale e sul territorio Informazionni sulla vita della Provincia Italia Defunti Paolini della Provincia Italia Familiari defunti | ||
| 942 |
_2ddc _cCR |
||
| 999 |
_c98379 _d98379 |
||